[Event "Greek Team Cup Final 8"]
[Site "chess24.com"]
[Date "2018.07.08"]
[Round "1"]
[White "Safarli, Eltaj"]
[Black "Nikolaidis, Ioannis"]
[Result "1-0"]
[Board "1"]
[WhiteTitle "GM"]
[WhiteElo "2667"]
[WhiteCountry "AZE"]
[WhiteFideId "13402129"]
[WhiteEloChange "3"]
[BlackTitle "GM"]
[BlackElo "2548"]
[BlackCountry "GRE"]
[BlackFideId "4202139"]
[BlackEloChange "-3"]

1. e4 {[%clk 1:30:56]} c6 {[%clk 1:30:09]} 2. d4 {[%clk 1:31:14]} d5 {[%clk
1:30:37]} 3. e5 {[%clk 1:31:35]} Bf5 {[%clk 1:31:03]} 4. h4 {[%clk 1:31:58]} f6
{[%clk 1:30:03]} 5. Bd3 {[%clk 1:28:33]} Bxd3 {[%clk 1:29:48]} 6. Qxd3 {[%clk
1:28:57]} fxe5 {[%clk 1:29:30]} 7. dxe5 {[%clk 1:29:21]} e6 {[%clk 1:29:33]} 8.
Nf3 {[%clk 1:28:43]} Na6 {[%clk 1:19:06]} 9. O-O {[%clk 1:27:47]} Qd7 {[%clk
1:18:06]} 10. c4 {[%clk 1:23:39]} O-O-O {[%clk 1:13:23]} 11. Nc3 {[%clk 1:21:22]}
Nh6 {[%clk 1:00:37]} 12. Bg5 {[%clk 1:19:05]} Be7 {[%clk 0:58:02]} 13. cxd5
{[%clk 1:16:08]} exd5 {[%clk 0:55:10]} 14. e6 {[%clk 1:13:27]} Qd6 {[%clk
0:54:28]} 15. Rfe1 {[%clk 1:09:25]} Rhf8 {[%clk 0:24:31]} 16. Ne5 {[%clk
1:06:08]} Nb4 {[%clk 0:17:37]} 17. Qxh7 {[%clk 1:00:53]} Bxg5 {[%clk 0:15:29]}
18. hxg5 {[%clk 1:00:27]} Qc5 {[%clk 0:14:17]} 19. Re2 {[%clk 0:57:59]} Nf5
{[%clk 0:13:05]} 20. Nd7 {[%clk 0:51:58]} Rxd7 {[%clk 0:11:47]} 21. exd7+ {[%clk
0:52:22]} Kxd7 {[%clk 0:10:44]} 22. Rd1 {[%clk 0:51:18]} Rf7 {[%clk 0:07:46]} 23.
a3 {[%clk 0:49:07]} Na6 {[%clk 0:07:58]} 24. g6 {[%clk 0:45:40]} Rf8 {[%clk
0:06:55]} 25. g4 {[%clk 0:44:30]} Ne7 {[%clk 0:03:36]} 26. Qxg7 {[%clk 0:44:33]}
Rf4 {[%clk 0:03:58]} 27. Rde1 {[%clk 0:43:20]} Rxg4+ {[%clk 0:04:12]} 28. Kf1
{[%clk 0:43:25]} Qc4 {[%clk 0:04:17]} 29. Qxe7+ {[%clk 0:43:21]} Kc8 {[%clk
0:04:44]} 30. Qe6+ {[%clk 0:42:05]} Kc7 {[%clk 0:04:56]} 31. b3 {[%clk 0:41:28]}
1-0

[Event "Greek Team Cup Final 8"]
[Site "chess24.com"]
[Date "2018.07.08"]
[Round "1"]
[White "Grigoriadis, Alexandros"]
[Black "Georgiadis, Ioannis"]
[Result "0-1"]
[Board "2"]
[WhiteTitle "IM"]
[WhiteElo "2213"]
[WhiteCountry "GRE"]
[WhiteFideId "4214994"]
[WhiteEloChange "-4"]
[BlackTitle "IM"]
[BlackElo "2465"]
[BlackCountry "GRE"]
[BlackFideId "4208900"]
[BlackEloChange "2"]

1. c4 {[%clk 1:30:54]} e6 {[%clk 1:30:34]} 2. Nf3 {[%clk 1:31:02]} Nf6 {[%clk
1:30:53]} 3. g3 {[%clk 1:31:24]} b6 {[%clk 1:31:02]} 4. Bg2 {[%clk 1:31:44]} Bb7
{[%clk 1:31:27]} 5. O-O {[%clk 1:32:10]} Be7 {[%clk 1:31:52]} 6. Nc3 {[%clk
1:32:00]} O-O {[%clk 1:31:53]} 7. b3 {[%clk 1:32:22]} d5 {[%clk 1:28:18]} 8. Bb2
{[%clk 1:29:24]} c5 {[%clk 1:23:39]} 9. cxd5 {[%clk 1:29:25]} exd5 {[%clk
1:23:53]} 10. d4 {[%clk 1:29:49]} Na6 {[%clk 1:24:16]} 11. Rc1 {[%clk 1:29:38]}
Re8 {[%clk 1:23:51]} 12. dxc5 {[%clk 1:22:32]} Nxc5 {[%clk 1:23:40]} 13. Nd4
{[%clk 1:22:15]} Bf8 {[%clk 1:17:55]} 14. Qc2 {[%clk 1:22:15]} Ne6 {[%clk
0:57:51]} 15. Rfd1 {[%clk 0:55:07]} Rc8 {[%clk 0:41:17]} 16. Qb1 {[%clk 0:48:35]}
Nxd4 {[%clk 0:33:32]} 17. Rxd4 {[%clk 0:48:54]} Bc5 {[%clk 0:33:47]} 18. Rf4
{[%clk 0:44:02]} Bd6 {[%clk 0:22:44]} 19. Rf5 {[%clk 0:38:55]} Be5 {[%clk
0:21:04]} 20. Nb5 {[%clk 0:20:21]} Bxb2 {[%clk 0:21:07]} 21. Qxb2 {[%clk
0:19:49]} Rxc1+ {[%clk 0:20:28]} 22. Qxc1 {[%clk 0:20:13]} Rxe2 {[%clk 0:20:31]}
23. Bf3 {[%clk 0:14:07]} Re7 {[%clk 0:16:09]} 24. Nd4 {[%clk 0:07:40]} Qe8 {[%clk
0:13:53]} 25. Kg2 {[%clk 0:07:04]} Ne4 {[%clk 0:10:19]} 26. h4 {[%clk 0:06:07]}
g6 {[%clk 0:08:20]} 27. Rf4 {[%clk 0:06:23]} h5 {[%clk 0:04:24]} 28. Qa3 {[%clk
0:04:13]} Bc8 {[%clk 0:04:32]} 29. Nc6 {[%clk 0:03:39]} Rc7 {[%clk 0:03:17]} 30.
Nb4 {[%clk 0:03:00]} Qe7 {[%clk 0:01:57]} 31. Qa4 {[%clk 0:02:51]} Qe6 {[%clk
0:02:19]} 32. Nd3 {[%clk 0:02:17]} Bd7 {[%clk 0:01:30]} 33. Qd4 {[%clk 0:02:33]}
Rc2 {[%clk 0:01:02]} 34. a4 {[%clk 0:01:49]} Nxg3 {[%clk 0:00:37]} 35. Bg4 {[%clk
0:01:46]} hxg4 {[%clk 0:01:00]} 36. Kxg3 {[%clk 0:02:07]} Rd2 {[%clk 0:01:07]}
37. Qc3 {[%clk 0:00:49]} Qe2 {[%clk 0:01:30]} 38. Nb4 {[%clk 0:00:46]} Qf1 {[%clk
0:01:41]} 0-1

[Event "Greek Team Cup Final 8"]
[Site "chess24.com"]
[Date "2018.07.08"]
[Round "1"]
[White "Halkias, Stelios"]
[Black "Nikolaou, Georgios"]
[Result "1-0"]
[Board "3"]
[WhiteTitle "GM"]
[WhiteElo "2570"]
[WhiteCountry "GRE"]
[WhiteFideId "4201809"]
[WhiteEloChange "1"]
[BlackTitle "FM"]
[BlackElo "2232"]
[BlackCountry "GRE"]
[BlackFideId "4203801"]
[BlackEloChange "-3"]

1. Nf3 {[%clk 1:30:47]} Nf6 {[%clk 1:29:51]} 2. c4 {[%clk 1:30:45]} b6 {[%clk
1:27:18]} 3. g3 {[%clk 1:30:30]} Bb7 {[%clk 1:27:40]} 4. Bg2 {[%clk 1:30:53]} e6
{[%clk 1:27:43]} 5. O-O {[%clk 1:31:08]} Be7 {[%clk 1:27:40]} 6. Nc3 {[%clk
1:30:51]} O-O {[%clk 1:25:02]} 7. Re1 {[%clk 1:30:40]} Ne4 {[%clk 1:11:05]} 8.
Nxe4 {[%clk 1:27:52]} Bxe4 {[%clk 1:11:30]} 9. d3 {[%clk 1:28:14]} Bb7 {[%clk
1:11:49]} 10. d4 {[%clk 1:28:32]} Be4 {[%clk 1:05:25]} 11. Ne5 {[%clk 1:25:37]}
Bxg2 {[%clk 1:05:20]} 12. Kxg2 {[%clk 1:26:00]} d6 {[%clk 1:01:29]} 13. Nf3
{[%clk 1:26:16]} d5 {[%clk 0:57:52]} 14. Qb3 {[%clk 1:09:56]} c6 {[%clk 0:35:36]}
15. Bf4 {[%clk 1:03:52]} Bd6 {[%clk 0:26:39]} 16. Bg5 {[%clk 0:58:38]} Qc7 {[%clk
0:25:54]} 17. Rac1 {[%clk 0:55:50]} Nd7 {[%clk 0:24:37]} 18. Qc2 {[%clk 0:33:57]}
Rac8 {[%clk 0:20:29]} 19. e4 {[%clk 0:27:23]} dxe4 {[%clk 0:19:51]} 20. Rxe4
{[%clk 0:27:21]} h6 {[%clk 0:08:37]} 21. Bxh6 {[%clk 0:21:24]} Nf6 {[%clk
0:08:19]} 22. Rh4 {[%clk 0:17:21]} gxh6 {[%clk 0:08:42]} 23. Qd2 {[%clk 0:17:11]}
Nh7 {[%clk 0:08:17]} 24. Qxh6 {[%clk 0:14:18]} f6 {[%clk 0:08:03]} 25. c5 {[%clk
0:11:26]} bxc5 {[%clk 0:07:59]} 26. dxc5 {[%clk 0:10:36]} Be5 {[%clk 0:07:49]}
27. Rcc4 {[%clk 0:09:55]} Bxb2 {[%clk 0:01:34]} 28. Qd2 {[%clk 0:07:25]} Rb8
{[%clk 0:01:01]} 29. Qe2 {[%clk 0:01:37]} Qd7 {[%clk 0:00:55]} 30. Rh5 {[%clk
0:00:51]} Rf7 {[%clk 0:00:57]} 31. Rg4+ {[%clk 0:00:40]} Rg7 {[%clk 0:00:42]} 32.
Rxg7+ {[%clk 0:00:39]} Kxg7 {[%clk 0:01:09]} 33. Qe3 {[%clk 0:01:01]} Qf7 {[%clk
0:00:38]} 34. Rh4 {[%clk 0:01:04]} f5 {[%clk 0:00:32]} 35. Ne5 {[%clk 0:00:59]}
Qe7 {[%clk 0:00:31]} 36. Qh6+ {[%clk 0:01:01]} Kg8 {[%clk 0:00:52]} 37. Qg6+
{[%clk 0:01:10]} Qg7 {[%clk 0:00:31]} 38. Qxe6+ {[%clk 0:01:33]} 1-0

[Event "Greek Team Cup Final 8"]
[Site "chess24.com"]
[Date "2018.07.08"]
[Round "1"]
[White "Stathopoulos, Ioannis"]
[Black "Michelakos, Panagiotis"]
[Result "0-1"]
[Board "4"]
[WhiteTitle "FM"]
[WhiteElo "2338"]
[WhiteCountry "GRE"]
[WhiteFideId "4223098"]
[WhiteEloChange "-13"]
[BlackElo "2244"]
[BlackCountry "GRE"]
[BlackFideId "4216067"]
[BlackEloChange "13"]

1. d4 {[%clk 1:30:57]} Nf6 {[%clk 1:30:50]} 2. c4 {[%clk 1:31:24]} e6 {[%clk
1:31:09]} 3. Nc3 {[%clk 1:31:50]} Bb4 {[%clk 1:31:01]} 4. Qc2 {[%clk 1:32:18]}
O-O {[%clk 1:30:15]} 5. a3 {[%clk 1:32:37]} Bxc3+ {[%clk 1:30:37]} 6. Qxc3 {[%clk
1:33:00]} d5 {[%clk 1:26:31]} 7. Nf3 {[%clk 1:33:20]} Ne4 {[%clk 1:25:11]} 8. Qc2
{[%clk 1:33:40]} c5 {[%clk 1:25:37]} 9. cxd5 {[%clk 1:32:09]} exd5 {[%clk
1:25:22]} 10. dxc5 {[%clk 1:32:25]} Nc6 {[%clk 1:23:57]} 11. b4 {[%clk 1:32:20]}
Bf5 {[%clk 1:21:19]} 12. Qb2 {[%clk 1:29:14]} d4 {[%clk 1:00:06]} 13. Bd2 {[%clk
1:26:28]} Re8 {[%clk 0:54:50]} 14. g3 {[%clk 1:24:21]} Qf6 {[%clk 0:50:47]} 15.
Bg2 {[%clk 1:23:17]} Nxd2 {[%clk 0:30:45]} 16. Qxd2 {[%clk 1:22:57]} d3 {[%clk
0:31:05]} 17. O-O {[%clk 1:23:15]} dxe2 {[%clk 0:31:21]} 18. Rfe1 {[%clk
1:23:29]} Rad8 {[%clk 0:31:24]} 19. Qa2 {[%clk 1:20:57]} Bg4 {[%clk 0:25:04]} 20.
Nd2 {[%clk 1:21:24]} Ne5 {[%clk 0:20:32]} 21. h3 {[%clk 1:18:18]} Nd3 {[%clk
0:19:25]} 0-1

[Event "Greek Team Cup Final 8"]
[Site "chess24.com"]
[Date "2018.07.08"]
[Round "1"]
[White "Papaioannou, Ioannis"]
[Black "Hristodoulou, Panagiotis"]
[Result "1-0"]
[Board "1"]
[WhiteTitle "GM"]
[WhiteElo "2647"]
[WhiteCountry "GRE"]
[WhiteFideId "4201345"]
[WhiteEloChange "1"]
[BlackTitle "FM"]
[BlackElo "2329"]
[BlackCountry "GRE"]
[BlackFideId "4214340"]
[BlackEloChange "-3"]

1. d4 {[%clk 1:30:53]} d5 {[%clk 1:30:50]} 2. c4 {[%clk 1:31:16]} c6 {[%clk
1:31:07]} 3. Nf3 {[%clk 1:29:39]} Nf6 {[%clk 1:31:27]} 4. e3 {[%clk 1:30:00]} e6
{[%clk 1:31:45]} 5. Bd3 {[%clk 1:29:39]} Nbd7 {[%clk 1:32:03]} 6. b3 {[%clk
1:28:32]} Bd6 {[%clk 1:32:22]} 7. Bb2 {[%clk 1:28:55]} O-O {[%clk 1:32:18]} 8.
Nbd2 {[%clk 1:28:31]} b6 {[%clk 1:29:18]} 9. O-O {[%clk 1:28:26]} Qc7 {[%clk
1:22:41]} 10. Rc1 {[%clk 1:24:02]} Bb7 {[%clk 1:21:02]} 11. Re1 {[%clk 1:23:47]}
Rad8 {[%clk 1:16:32]} 12. Bb1 {[%clk 1:20:35]} Qb8 {[%clk 1:12:11]} 13. Qc2
{[%clk 1:20:18]} Rfe8 {[%clk 0:59:03]} 14. e4 {[%clk 1:14:51]} Nxe4 {[%clk
0:56:23]} 15. Nxe4 {[%clk 1:15:09]} dxe4 {[%clk 0:56:46]} 16. Qxe4 {[%clk
1:15:28]} f5 {[%clk 0:49:07]} 17. Qc2 {[%clk 1:14:58]} Nf6 {[%clk 0:36:39]} 18.
c5 {[%clk 1:13:05]} Bf4 {[%clk 0:27:15]} 19. Rcd1 {[%clk 1:13:22]} Nd5 {[%clk
0:27:21]} 20. a3 {[%clk 1:12:09]} Qc7 {[%clk 0:23:11]} 21. Bc1 {[%clk 1:09:18]}
Qe7 {[%clk 0:09:14]} 22. b4 {[%clk 1:05:51]} h6 {[%clk 0:08:59]} 23. Bxf4 {[%clk
1:03:24]} Nxf4 {[%clk 0:09:23]} 24. Ba2 {[%clk 1:02:50]} Qf6 {[%clk 0:07:09]} 25.
g3 {[%clk 1:02:19]} Nd5 {[%clk 0:03:48]} 26. Ne5 {[%clk 1:01:49]} b5 {[%clk
0:02:33]} 27. Rd2 {[%clk 1:00:49]} Re7 {[%clk 0:02:27]} 28. Rde2 {[%clk 1:00:29]}
Kh8 {[%clk 0:00:35]} 29. Qb2 {[%clk 1:00:02]} Rde8 {[%clk 0:00:35]} 30. Bxd5
{[%clk 0:59:56]} cxd5 {[%clk 0:00:38]} 31. c6 {[%clk 1:00:16]} Bc8 {[%clk
0:00:41]} 32. Qc1 {[%clk 1:00:39]} a6 {[%clk 0:00:36]} 33. Qc5 {[%clk 1:00:40]}
g5 {[%clk 0:00:36]} 34. Qd6 {[%clk 1:00:39]} Kg7 {[%clk 0:00:37]} 35. Re3 {[%clk
0:59:29]} h5 {[%clk 0:00:35]} 36. Nd7 {[%clk 0:58:21]} Qf7 {[%clk 0:00:34]} 37.
Nb6 {[%clk 0:58:21]} Kf6 {[%clk 0:00:32]} 38. Nxd5+ {[%clk 0:58:44]} 1-0

[Event "Greek Team Cup Final 8"]
[Site "chess24.com"]
[Date "2018.07.08"]
[Round "1"]
[White "Kelires, Andreas"]
[Black "Saric, Ivan"]
[Result "0-1"]
[Board "2"]
[WhiteTitle "GM"]
[WhiteElo "2530"]
[WhiteCountry "GRE"]
[WhiteFideId "5900727"]
[WhiteEloChange "-3"]
[BlackTitle "GM"]
[BlackElo "2689"]
[BlackCountry "CRO"]
[BlackFideId "14508150"]
[BlackEloChange "3"]

1. d4 {[%clk 1:30:56]} Nf6 {[%clk 1:30:39]} 2. Bf4 {[%clk 1:30:58]} g6 {[%clk
1:30:20]} 3. Nc3 {[%clk 1:30:06]} c6 {[%clk 1:24:14]} 4. e4 {[%clk 1:26:30]} d6
{[%clk 1:24:32]} 5. Be2 {[%clk 1:22:06]} Bg7 {[%clk 1:24:04]} 6. Qd2 {[%clk
1:15:09]} O-O {[%clk 1:22:26]} 7. Bh6 {[%clk 1:09:10]} b5 {[%clk 1:18:35]} 8. a3
{[%clk 1:04:58]} e5 {[%clk 1:12:45]} 9. d5 {[%clk 0:58:53]} cxd5 {[%clk 1:07:25]}
10. exd5 {[%clk 0:59:08]} Bxh6 {[%clk 0:44:03]} 11. Qxh6 {[%clk 0:59:36]} Qa5
{[%clk 0:43:54]} 12. Qh4 {[%clk 0:47:32]} Nbd7 {[%clk 0:42:59]} 13. Nf3 {[%clk
0:39:14]} a6 {[%clk 0:41:32]} 14. O-O {[%clk 0:38:11]} Kg7 {[%clk 0:38:54]} 15.
Ng5 {[%clk 0:32:06]} Qd8 {[%clk 0:38:08]} 16. a4 {[%clk 0:28:16]} h6 {[%clk
0:37:59]} 17. Nf3 {[%clk 0:27:28]} bxa4 {[%clk 0:37:37]} 18. Qxa4 {[%clk
0:17:35]} Rb8 {[%clk 0:37:33]} 19. Qa2 {[%clk 0:13:45]} Qb6 {[%clk 0:33:31]} 20.
Na4 {[%clk 0:11:53]} Qb4 {[%clk 0:32:43]} 21. Qc4 {[%clk 0:10:39]} a5 {[%clk
0:31:40]} 22. Rfd1 {[%clk 0:09:30]} Bb7 {[%clk 0:28:49]} 23. Qxb4 {[%clk
0:06:10]} axb4 {[%clk 0:29:15]} 24. Bc4 {[%clk 0:06:10]} Rfc8 {[%clk 0:27:48]}
25. b3 {[%clk 0:05:49]} Ra8 {[%clk 0:26:38]} 26. h3 {[%clk 0:05:16]} Ra5 {[%clk
0:25:53]} 27. Nb2 {[%clk 0:05:38]} Rxa1 {[%clk 0:23:23]} 28. Rxa1 {[%clk
0:06:07]} Bxd5 {[%clk 0:22:57]} 29. Ra4 {[%clk 0:02:40]} Bxf3 {[%clk 0:20:25]}
30. gxf3 {[%clk 0:03:05]} d5 {[%clk 0:20:22]} 31. Bd3 {[%clk 0:03:13]} Rb8 {[%clk
0:20:36]} 32. Ra5 {[%clk 0:03:23]} Nf8 {[%clk 0:17:34]} 33. Bf1 {[%clk 0:01:33]}
Ne6 {[%clk 0:13:19]} 34. Nd3 {[%clk 0:01:49]} e4 {[%clk 0:13:07]} 35. fxe4 {[%clk
0:02:11]} dxe4 {[%clk 0:13:33]} 36. Ne5 {[%clk 0:02:26]} Rb7 {[%clk 0:13:16]} 37.
Bc4 {[%clk 0:00:57]} Nd4 {[%clk 0:05:27]} 38. Bxf7 {[%clk 0:00:58]} Rxf7 {[%clk
0:05:53]} 39. Nxf7 {[%clk 0:01:26]} Kxf7 {[%clk 0:06:18]} 40. Rc5 {[%clk
0:31:51]} Ne2+ {[%clk 0:36:31]} 41. Kg2 {[%clk 0:29:32]} Ke6 {[%clk 0:33:38]} 42.
Kf1 {[%clk 0:25:34]} Nc3 {[%clk 0:33:51]} 43. Kg2 {[%clk 0:24:41]} Nfd5 {[%clk
0:33:03]} 44. Rc8 {[%clk 0:22:41]} h5 {[%clk 0:32:48]} 45. Kg3 {[%clk 0:20:01]}
Ne2+ {[%clk 0:32:55]} 46. Kg2 {[%clk 0:20:16]} Ke5 {[%clk 0:25:55]} 47. Rc6
{[%clk 0:16:30]} Nd4 {[%clk 0:24:27]} 48. Rc5 {[%clk 0:16:41]} h4 {[%clk
0:23:29]} 49. Kh1 {[%clk 0:14:57]} g5 {[%clk 0:23:03]} 50. Kg2 {[%clk 0:14:55]}
Nf3 {[%clk 0:20:00]} 51. Kh1 {[%clk 0:13:25]} Nd2 {[%clk 0:20:20]} 52. Rc8 {[%clk
0:11:53]} Kd4 {[%clk 0:18:16]} 53. Rg8 {[%clk 0:10:41]} Nf3 {[%clk 0:18:30]} 54.
Rd8 {[%clk 0:10:45]} Ne1 {[%clk 0:14:31]} 55. Rc8 {[%clk 0:10:05]} Nf4 {[%clk
0:14:16]} 56. Rc4+ {[%clk 0:08:52]} Kd5 {[%clk 0:14:25]} 57. Rxb4 {[%clk
0:08:24]} Nxh3 {[%clk 0:14:50]} 58. Rb5+ {[%clk 0:06:19]} Ke6 {[%clk 0:15:02]}
59. Rc5 {[%clk 0:06:20]} g4 {[%clk 0:14:52]} 60. Rh5 {[%clk 0:04:30]} Nxf2+
{[%clk 0:15:08]} 61. Kg1 {[%clk 0:04:58]} g3 {[%clk 0:15:02]} 62. Kf1 {[%clk
0:05:11]} h3 {[%clk 0:14:15]} 63. Kxe1 {[%clk 0:04:44]} h2 {[%clk 0:14:41]} 64.
Kf1 {[%clk 0:05:08]} h1Q+ {[%clk 0:15:05]} 65. Rxh1 {[%clk 0:05:35]} Nxh1 {[%clk
0:15:30]} 66. Kg2 {[%clk 0:06:02]} e3 {[%clk 0:15:54]} 0-1

[Event "Greek Team Cup Final 8"]
[Site "chess24.com"]
[Date "2018.07.08"]
[Round "1"]
[White "Pavlidis, Antonios"]
[Black "Morozov, Nichita"]
[Result "0-1"]
[Board "3"]
[WhiteTitle "GM"]
[WhiteElo "2564"]
[WhiteCountry "GRE"]
[WhiteFideId "4212312"]
[WhiteEloChange "-7"]
[BlackTitle "IM"]
[BlackElo "2429"]
[BlackCountry "MDA"]
[BlackFideId "13900897"]
[BlackEloChange "7"]

1. Nf3 {[%clk 1:30:57]} Nf6 {[%clk 1:30:46]} 2. c4 {[%clk 1:31:22]} b6 {[%clk
1:30:38]} 3. g3 {[%clk 1:31:23]} Bb7 {[%clk 1:31:03]} 4. Bg2 {[%clk 1:31:45]} e6
{[%clk 1:31:27]} 5. O-O {[%clk 1:31:19]} Be7 {[%clk 1:31:52]} 6. d4 {[%clk
1:16:58]} O-O {[%clk 1:32:19]} 7. Re1 {[%clk 1:17:25]} Na6 {[%clk 1:32:46]} 8.
Ne5 {[%clk 1:10:56]} d5 {[%clk 1:26:14]} 9. b3 {[%clk 0:53:55]} c5 {[%clk
1:20:17]} 10. Bb2 {[%clk 0:46:26]} cxd4 {[%clk 1:07:39]} 11. Qxd4 {[%clk
0:39:53]} Nb4 {[%clk 1:03:54]} 12. Na3 {[%clk 0:39:52]} Bc5 {[%clk 0:59:03]} 13.
Qf4 {[%clk 0:40:11]} Qe7 {[%clk 0:58:54]} 14. Red1 {[%clk 0:38:00]} a6 {[%clk
0:55:13]} 15. Ng4 {[%clk 0:16:15]} Nxg4 {[%clk 0:55:10]} 16. Qxg4 {[%clk
0:16:27]} f5 {[%clk 0:54:58]} 17. Qf4 {[%clk 0:16:53]} Rae8 {[%clk 0:53:14]} 18.
Qc1 {[%clk 0:08:46]} f4 {[%clk 0:42:26]} 19. gxf4 {[%clk 0:08:20]} Qh4 {[%clk
0:42:52]} 20. e3 {[%clk 0:07:51]} e5 {[%clk 0:41:27]} 21. cxd5 {[%clk 0:04:53]}
exf4 {[%clk 0:41:16]} 22. Qc4 {[%clk 0:05:17]} Qg5 {[%clk 0:40:07]} 23. Kh1
{[%clk 0:05:42]} f3 {[%clk 0:30:38]} 24. Bh3 {[%clk 0:05:38]} Rf7 {[%clk
0:29:36]} 25. Rg1 {[%clk 0:01:50]} Qxd5 {[%clk 0:30:01]} 26. Rad1 {[%clk
0:02:19]} Qxc4 {[%clk 0:28:38]} 27. Nxc4 {[%clk 0:02:47]} Be4 {[%clk 0:26:57]}
28. Ne5 {[%clk 0:01:14]} Rfe7 {[%clk 0:23:10]} 29. Nd7 {[%clk 0:01:15]} Nd3
{[%clk 0:20:07]} 30. Nf6+ {[%clk 0:01:40]} Kf8 {[%clk 0:20:35]} 31. Nxe4 {[%clk
0:00:42]} Nxb2 {[%clk 0:21:02]} 32. Rd2 {[%clk 0:01:10]} Rxe4 {[%clk 0:21:16]}
33. Rxb2 {[%clk 0:01:35]} Rh4 {[%clk 0:14:30]} 0-1

[Event "Greek Team Cup Final 8"]
[Site "chess24.com"]
[Date "2018.07.08"]
[Round "1"]
[White "Vlahos, Kiriakos"]
[Black "Tsolakidou, Stavroula"]
[Result "1/2-1/2"]
[Board "4"]
[WhiteTitle "FM"]
[WhiteElo "2293"]
[WhiteCountry "GRE"]
[WhiteFideId "4200594"]
[WhiteEloChange "4"]
[BlackTitle "IM"]
[BlackElo "2423"]
[BlackCountry "GRE"]
[BlackFideId "4264312"]
[BlackEloChange "-2"]

1. c4 {[%clk 1:30:56]} e5 {[%clk 1:30:55]} 2. Nc3 {[%clk 1:28:32]} Bb4 {[%clk
1:31:16]} 3. Nd5 {[%clk 1:27:43]} a5 {[%clk 1:31:29]} 4. e3 {[%clk 1:22:00]} Nf6
{[%clk 1:31:26]} 5. a3 {[%clk 1:18:15]} Be7 {[%clk 1:20:07]} 6. b3 {[%clk
1:14:11]} d6 {[%clk 1:07:29]} 7. Nxf6+ {[%clk 1:12:20]} Bxf6 {[%clk 1:07:53]} 8.
Bb2 {[%clk 1:12:46]} O-O {[%clk 1:06:14]} 9. g3 {[%clk 1:12:35]} d5 {[%clk
0:54:35]} 10. d3 {[%clk 1:12:15]} Be6 {[%clk 0:47:08]} 11. Qc2 {[%clk 1:07:09]}
Na6 {[%clk 0:35:37]} 12. Bg2 {[%clk 1:06:40]} dxc4 {[%clk 0:32:39]} 13. dxc4
{[%clk 1:06:31]} Nc5 {[%clk 0:31:19]} 14. Rd1 {[%clk 1:06:50]} Qc8 {[%clk
0:31:30]} 15. Ne2 {[%clk 1:02:42]} Bf5 {[%clk 0:22:44]} 16. e4 {[%clk 1:02:58]}
Bh3 {[%clk 0:16:02]} 17. O-O {[%clk 1:03:10]} Bxg2 {[%clk 0:16:05]} 18. Kxg2
{[%clk 1:03:35]} Qe6 {[%clk 0:15:08]} 19. Bc1 {[%clk 0:58:04]} Qb6 {[%clk
0:09:36]} 20. Be3 {[%clk 0:58:00]} Qxb3 {[%clk 0:09:56]} 21. Qxb3 {[%clk
0:57:38]} Nxb3 {[%clk 0:10:21]} 22. Rd7 {[%clk 0:57:41]} Rfc8 {[%clk 0:07:43]}
23. a4 {[%clk 0:56:50]} Kf8 {[%clk 0:02:16]} 24. Rb1 {[%clk 0:57:01]} Nd4 {[%clk
0:02:27]} 25. Bxd4 {[%clk 0:50:16]} exd4 {[%clk 0:02:53]} 26. Rxb7 {[%clk
0:41:45]} Rd8 {[%clk 0:02:53]} 27. Rxd8+ {[%clk 0:38:10]} Rxd8 {[%clk 0:03:45]}
28. Nf4 {[%clk 0:38:29]} d3 {[%clk 0:04:04]} 29. Rb1 {[%clk 0:38:53]} d2 {[%clk
0:01:22]} 30. Rd1 {[%clk 0:39:17]} c6 {[%clk 0:01:07]} 31. Kf3 {[%clk 0:38:57]}
Rd4 {[%clk 0:00:40]} 32. Ke3 {[%clk 0:33:54]} Rxc4 {[%clk 0:01:07]} 33. Rxd2
{[%clk 0:34:14]} Rxa4 {[%clk 0:01:27]} 34. Rc2 {[%clk 0:34:13]} c5 {[%clk
0:01:08]} 35. Nd3 {[%clk 0:30:36]} Bd4+ {[%clk 0:00:34]} 36. Ke2 {[%clk 0:28:41]}
c4 {[%clk 0:00:50]} 37. Nf4 {[%clk 0:28:21]} Ke7 {[%clk 0:00:36]} 38. Nd5+ {[%clk
0:28:23]} Kd6 {[%clk 0:00:37]} 39. Ne3 {[%clk 0:25:57]} Kc5 {[%clk 0:00:43]} 40.
Nf5 {[%clk 0:55:47]} Bf6 {[%clk 0:30:35]} 41. f4 {[%clk 0:55:07]} g6 {[%clk
0:17:43]} 42. Nh6 {[%clk 0:52:32]} Rb4 {[%clk 0:15:00]} 43. e5 {[%clk 0:52:52]}
Be7 {[%clk 0:15:03]} 44. Nxf7 {[%clk 0:53:08]} a4 {[%clk 0:15:17]} 45. Ra2 {[%clk
0:53:05]} Kb5 {[%clk 0:07:51]} 46. Kd2 {[%clk 0:50:20]} a3 {[%clk 0:07:23]} 47.
Nd6+ {[%clk 0:47:07]} Bxd6 {[%clk 0:01:53]} 48. exd6 {[%clk 0:46:59]} Rb3 {[%clk
0:01:05]} 49. d7 {[%clk 0:43:58]} Rd3+ {[%clk 0:01:33]} 50. Kc1 {[%clk 0:44:23]}
Kb4 {[%clk 0:00:34]} 51. Rd2 {[%clk 0:44:48]} c3 {[%clk 0:00:39]} 52. Rxd3 {[%clk
0:43:09]} a2 {[%clk 0:01:07]} 53. Kc2 {[%clk 0:41:14]} a1Q {[%clk 0:01:28]} 54.
Rd4+ {[%clk 0:41:33]} Kc5 {[%clk 0:01:53]} 55. Rd5+ {[%clk 0:39:53]} Kc4 {[%clk
0:02:19]} 56. Rd4+ {[%clk 0:40:11]} Kc5 {[%clk 0:01:09]} 57. Rd5+ {[%clk
0:38:55]} Kc4 {[%clk 0:00:38]} 58. Rd4+ {[%clk 0:39:18]} Kc5 {[%clk 0:00:34]}
1/2-1/2

[Event "Greek Team Cup Final 8"]
[Site "chess24.com"]
[Date "2018.07.08"]
[Round "2"]
[White "Georgakopoulos, Nikolaos"]
[Black "Halkias, Stelios"]
[Result "0-1"]
[Board "1"]
[WhiteTitle "FM"]
[WhiteElo "2336"]
[WhiteCountry "GRE"]
[WhiteFideId "4210891"]
[WhiteEloChange "-4"]
[BlackTitle "GM"]
[BlackElo "2570"]
[BlackCountry "GRE"]
[BlackFideId "4201809"]
[BlackEloChange "2"]

1. d4 {[%clk 1:30:44]} Nf6 {[%clk 1:28:53]} 2. Nf3 {[%clk 1:30:33]} e6 {[%clk
1:28:24]} 3. c4 {[%clk 1:30:51]} c5 {[%clk 1:28:19]} 4. e3 {[%clk 1:25:52]} cxd4
{[%clk 1:21:17]} 5. exd4 {[%clk 1:26:15]} Bb4+ {[%clk 1:20:31]} 6. Bd2 {[%clk
1:24:14]} Bxd2+ {[%clk 1:20:38]} 7. Nbxd2 {[%clk 1:22:46]} O-O {[%clk 1:18:06]}
8. Bd3 {[%clk 1:21:08]} b6 {[%clk 1:13:26]} 9. O-O {[%clk 1:19:07]} Bb7 {[%clk
1:13:26]} 10. b4 {[%clk 1:06:39]} d6 {[%clk 1:11:39]} 11. a3 {[%clk 1:03:53]}
Nbd7 {[%clk 1:11:35]} 12. Re1 {[%clk 1:04:18]} Re8 {[%clk 1:11:06]} 13. Bf1
{[%clk 1:04:18]} Rc8 {[%clk 1:06:39]} 14. Rc1 {[%clk 0:55:56]} Rc7 {[%clk
1:03:49]} 15. Qb3 {[%clk 0:51:43]} h6 {[%clk 0:58:22]} 16. Rcd1 {[%clk 0:32:49]}
Nf8 {[%clk 0:45:20]} 17. g3 {[%clk 0:30:57]} Qa8 {[%clk 0:43:10]} 18. Bg2 {[%clk
0:30:51]} Ng6 {[%clk 0:39:07]} 19. Re2 {[%clk 0:24:01]} Rce7 {[%clk 0:26:21]} 20.
Ne1 {[%clk 0:23:17]} e5 {[%clk 0:22:29]} 21. d5 {[%clk 0:21:48]} Rc7 {[%clk
0:14:50]} 22. Nc2 {[%clk 0:20:49]} b5 {[%clk 0:13:37]} 23. Ne3 {[%clk 0:20:55]}
Nf4 {[%clk 0:12:49]} 24. gxf4 {[%clk 0:19:22]} exf4 {[%clk 0:12:40]} 25. Ne4
{[%clk 0:11:33]} Nxe4 {[%clk 0:10:53]} 26. Nf5 {[%clk 0:11:56]} bxc4 {[%clk
0:09:08]} 27. Qc2 {[%clk 0:09:04]} f3 {[%clk 0:06:07]} 28. Rxe4 {[%clk 0:07:47]}
Rxe4 {[%clk 0:04:04]} 29. Qxe4 {[%clk 0:08:06]} fxg2 {[%clk 0:04:18]} 30. Qg4
{[%clk 0:07:18]} Qf8 {[%clk 0:02:57]} 31. Re1 {[%clk 0:03:40]} g6 {[%clk
0:02:58]} 32. Nxh6+ {[%clk 0:00:36]} Qxh6 {[%clk 0:02:50]} 33. Re8+ {[%clk
0:00:58]} Kg7 {[%clk 0:02:35]} 34. Qd4+ {[%clk 0:00:44]} f6 {[%clk 0:02:58]} 35.
Qe4 {[%clk 0:00:34]} Qc1+ {[%clk 0:03:04]} 36. Kxg2 {[%clk 0:01:03]} Qg5+ {[%clk
0:03:16]} 37. Kf1 {[%clk 0:01:32]} Bxd5 {[%clk 0:03:10]} 0-1